Detalles MARC
| 000 -LIDER |
| fixed length control field |
01381nam a22002657a 4500 |
| 001 - NÚMERO DE CONTROL |
| Identificador de número de control |
002145086 |
| 003 - IDENTIFICACDOR DE NÚMERO DE CONTROL |
| control field |
DO-SdBNP |
| 005 - DATE AND TIME OF LATEST TRANSACTION |
| control field |
20161205100001.0 |
| 007 - CAMPOS FIJOS DE DESCRIPCIÓN FÍSICA |
| fixed length control field |
002145086 |
| 008 - ELEMENTOS DE LONGITUD FIJA |
| fixed length control field |
161205b 1986 sp a ||||| |||| 00| 0 spa d |
| 020 ## - ISBN |
| International Standard Book Number |
8471768992 |
| 040 ## - FUENTE DE CATALOGACIÓN |
| Agencia que crea de manera original el registro |
BPMSU |
| Idioma de catalogación |
spa |
| Agencia que realiza la transcripción |
BPMSU |
| 082 ## - NÚMERO DE CLASIFICACIÓN DECIMAL DE DEWEY |
| Classification number |
xxxx |
| Item number |
xxxx |
| 100 1# - ASIENTO PRINCIPAL -- NOMBRE PERSONAL |
| Nombre personal |
Masters, M. |
| 240 1# - TITULO UNIFORME |
| Título uniforme |
Hawkeye Collins & Amy Adams in The case of the clever computer crooks & other mysteries. |
| Idioma de una obra |
Español |
| 245 10 - MENCIÓN DE TITULO |
| Título |
El caso de los ladrones de ordenadores : |
| Subtítulo |
y ocho casos más / |
| Mención de responsabilidad |
M. Masters ; ilustraciones de interiores y cubierta: Ismael Balanyà ; traducción al castellano: Horacio González Trejo. |
| 260 ## - PUBLICACIÓN, DISTRIBUCIÓN, ETC. (PIE DE IMPRENTA) |
| Lugar de publicación, distribución, etc |
Barcelona : |
| Nombre del editor, distribuidor, etc. |
Timun Mas, |
| Fecha de publicación, distribución, etc |
1986. |
| 300 ## - DESCRIPCIÓN FÍSICA |
| Extensión |
119, [3] p. : |
| Otros detalles físicos |
il. ; |
| Dimensiones |
18 cm. |
| 490 1# - MENCIÓN DE SERIES |
| Mención de serie |
Resuelve el misterio |
| Volume/sequential designation |
5 |
| 505 0# - NOTA DE CONTENIDO |
| Título |
El caso de los ladrones de ordenadores -- |
| -- |
El secreto del broche de esmeeraldas -- |
| -- |
El casto del timo de la <<nueva ola>> -- |
| -- |
El caso del robo del dibujo de Miguel Angel -- |
| -- |
El caso de las gemas sin pulir -- |
| -- |
El secreto del pirata de la sala de concietos -- |
| -- |
El caso de las grandes pisadas falsas -- |
| -- |
El enigma del bandido de la hucha -- |
| -- |
El caso del secuestro del príncipe. III. El Laberinto de los Espejos -- |
| -- |
Soluciones. |
| 700 12 - ASIENTO SECUNDARIO -- NOMBRE PERSONAL |
| Nombre personal |
Balanyà, Ismael, |
| Mención de responsabilidad |
il. |
| 830 ## - ASIENTO SECUNDARIO DE SERIE--TÍTULO UNIFORME |
| Título uniforme |
Resuelve el misterio ; |
| Volume number/sequential designation |
5 |
| 942 ## - ADDED ENTRY ELEMENTS (KOHA) |
| Source of classification or shelving scheme |
Dewey Decimal Classification |
| Koha item type |
Libros |
| 956 ## - LOCAL ELECTRONIC LOCATION AND ACCESS (OCLC) |
| Método de acceso |
LOPEREZ |
| Materiales especificados |
10 |
| Enlace |
20161205 |
| Campo enlazado y núm. de secuencia |
BPMSU |
| Nombre de host |
00041 |